<?xml version="1.0" encoding="UTF-8"?><?xml-stylesheet type="text/xsl" href="static/style.xsl"?><OAI-PMH xmlns="http://www.openarchives.org/OAI/2.0/" xmlns:xsi="http://www.w3.org/2001/XMLSchema-instance" xsi:schemaLocation="http://www.openarchives.org/OAI/2.0/ http://www.openarchives.org/OAI/2.0/OAI-PMH.xsd"><responseDate>2026-06-06T17:29:35Z</responseDate><request verb="GetRecord" identifier="oai:riuma.uma.es:10630/40498" metadataPrefix="marc">https://riuma.uma.es/rest/oai/request</request><GetRecord><record><header><identifier>oai:riuma.uma.es:10630/40498</identifier><datestamp>2026-02-03T12:44:49Z</datestamp><setSpec>com_10630_2254</setSpec><setSpec>col_10630_37957</setSpec></header><metadata><record xmlns="http://www.loc.gov/MARC21/slim" xmlns:dcterms="http://purl.org/dc/terms/" xmlns:doc="http://www.lyncode.com/xoai" xmlns:xsi="http://www.w3.org/2001/XMLSchema-instance" xsi:schemaLocation="http://www.loc.gov/MARC21/slim http://www.loc.gov/standards/marcxml/schema/MARC21slim.xsd">
   <leader>00925njm 22002777a 4500</leader>
   <datafield ind2=" " ind1=" " tag="042">
      <subfield code="a">dc</subfield>
   </datafield>
   <datafield ind2=" " ind1=" " tag="720">
      <subfield code="a">González‑Vidal, Alejandro</subfield>
      <subfield code="e">author</subfield>
   </datafield>
   <datafield ind2=" " ind1=" " tag="260">
      <subfield code="c">2025</subfield>
   </datafield>
   <datafield ind2=" " ind1=" " tag="520">
      <subfield code="a">La reparación del daño producido al genoma y al proteoma por la acción de la radiación ionizante, los agentes oxidantes y durante el envejecimiento es importante para mantener la homeostasis celular. Muchas de las vías metabólicas influyen en múltiples procesos. La biología de sistemas nos permite utilizar herramientas que revelan los mecanismos moleculares comunes a diferentes fenómenos de respuesta celular. Los resultados encontrados indican que la recombinación homóloga, la unión de extremos no homólogos y las vías de reparación por escisión de bases son los procesos comunes más importantes necesarios para mantener la homeostasis celular. Las rutas metabólicas de regulación de la longevidad son las que contribuyen conjuntamente a los tres fenómenos estudiados.&#xd;
El estudio in-silico explora además la resistencia a 5-fluorouracilo (5-FU) y el envejecimiento celular en S. cerevisiae, ofreciendo una investigación detallada sobre la relación entre la resistencia adquirida a un agente citotóxico y los mecanismos de envejecimiento celular. Se subraya la importancia de comprender las bases moleculares y celulares de la resistencia a 5-FU, arrojando luz sobre las posibles implicaciones para el proceso de envejecimiento. Se identifican múltiples proteínas que confieren resistencia, revelando conocimientos sobre la adaptación celular frente al estrés citotóxico por este agente. Cabe destacar que la resistencia a 5-FU induce cambios en la expresión génica y la fisiología celular, estableciendo conexiones con el envejecimiento celular; destacando la reparación del ADN, la homeostasis y los procesos metabólicos relacionados con la respuesta celular al estrés químico.&#xd;
El trabajo culmina con la selección in vitro de resistencia celular a 5-FU, analizando la evolución del crecimiento celular en presencia del fármaco tras 15 ciclos de exposición. Al final del proceso, algunas células logran adaptarse y recuperar su capacidad de crecimiento.</subfield>
   </datafield>
   <datafield ind2=" " ind1=" " tag="520">
      <subfield code="a">El análisis de las curvas de crecimiento, la tasa de crecimiento, el tiempo en alcanzar el parámetro K y las curvas de toxicidad, permite caracterizar esta adaptación progresiva. El estudio proteómico realizado muestra la aparición de múltiples proteínas desreguladas. Por último, este estudio propone diversos marcadores moleculares de respuesta a los factores de estrés analizados: radiación ionizante, envejecimiento celular, estrés oxidativo, radicales libres, ROS, actividad antioxidante, y exposición a 5-FU.</subfield>
   </datafield>
   <datafield ind1="8" ind2=" " tag="024">
      <subfield code="a">https://hdl.handle.net/10630/40498</subfield>
   </datafield>
   <datafield tag="653" ind2=" " ind1=" ">
      <subfield code="a">Biología celular - Tesis doctorales</subfield>
   </datafield>
   <datafield tag="653" ind2=" " ind1=" ">
      <subfield code="a">Genómica</subfield>
   </datafield>
   <datafield tag="653" ind2=" " ind1=" ">
      <subfield code="a">Estrés (Fisiología)</subfield>
   </datafield>
   <datafield tag="653" ind2=" " ind1=" ">
      <subfield code="a">Radiación - Efectos fisiológicos</subfield>
   </datafield>
   <datafield ind2="0" ind1="0" tag="245">
      <subfield code="a">Mecanismos moleculares de resistencia a radiación ionizante, envejecimiento celular, estrés oxidativo y 5-Fluorouracilo.</subfield>
   </datafield>
</record>
</metadata></record></GetRecord></OAI-PMH>